003550000a2200097000450024500390000030000120003904100140005110000220006526000440008777301260013110aConcepto de reserva de la biosfera a1-25 p.0 aEspañol1 aHalffter, Gonzalo aVeracruzbInstituto de Ecologíac19911 tEn Llorente B. Jorge; Ponce U. Hugo/ Memorias del seminario sobre conservación de la diversidad biológica de México